00723nam a2200193 a 450000100060000000300090000600800410001502000150005604000280007108200190009910000180011824500570013626000450019330000090023850502200024765000120046765000240047965000260050320534CO-ViMGA141112s2004 ck r 000 u spa d a8479034947 aCO-ViMGAbspacCO-ViMGA04a618.9289 R877a1 aRusell, James10aEl autismo como transtorno de la función ejecutiva aMadrid : bMedica panAméricana, c2000 a397p aLa neurobiología del autismo 23 - - Alteraciones en la generación de conductas 55 - - La natruraleza y la singularidad de los deficits ejecutivos en el autismo 139 - - Agentividad, autoconciencia y autismo 205 14aAUTISMO14aPSICOSIS EN NIÑOS14aPSIQUIATRIA INFANTIAL